000 01243nam a2200325 i 4500
003 EG-GICUC
005 20260121101537.0
008 251224s2014 ua ||||fr||| 0||| ||ara|d
017 _a20141116573
020 _a9789770476209
040 _a EG-GICUC
_bara
_c EG-GICUC
_d EG-GICUC
_erda
041 0 _aara
082 0 4 _221
_a345.5
_bم ح . ق
092 0 4 _221
099 _aLaw1 07 345.5 م ح . ق 2014
100 0 _aمحمد محمد عبداللطيف
_eمؤلف.
245 1 2 _aالقانون الادارى للاموال /
_cمحمد محمد عبداللطيف.
264 1 _aالقاهرة :
_bدار النهضة العربية،
_c2014.
300 _a669 صفحة ;
_c24 سم.
336 _2rda content
_atext
337 _2rda media
_aComputer
338 _2rda carrier
_aOnline Resource
504 _aيحتوي على ارجاعات ببليوجرافية يحتوي على قائمة بالمراجع
546 _aالنص أغلبه باللغة العربية مع بعض النصوص الفرنسية
650 1 4 _aالأموال عامة
_xالقانون الاداري
_2qrmak
651 1 _2qrmak
856 4 0 _uhttps://fll.law.cu.edu.eg/fulltext/bks/B07-01821.pdf
905 _a75
942 _2ddc
_cBK
_e21
_n0
999 _c52492
_d52492